Lecciones de derecho administrativo
Saved in:
| Main Author: | |
|---|---|
| Format: | Book |
| Language: | Spanish |
| Published: |
Santiago
Legal Publishing
2015
|
| Edition: | 1a. ed |
| Series: | Colección Tratados y Manuales
|
| Subjects: | |
| Tags: |
Add Tag
No Tags, Be the first to tag this record!
|
MARC
| LEADER | 00000cam a2200000 a 4500 | ||
|---|---|---|---|
| 001 | UCE6605 | ||
| 003 | CL-VaPUC | ||
| 008 | 150423e20150300cl |||||||||||||||||spa|d | ||
| 020 | |a 9788563466645 | ||
| 082 | 0 | 4 | |a 342.83 |b COR |2 21 |
| 100 | 0 | |a Cordero Vega, Luis Alberto |e author |9 579250 | |
| 245 | 1 | 0 | |a Lecciones de derecho administrativo |
| 250 | |a 1a. ed | ||
| 300 | |a 786 p | ||
| 942 | |c BK | ||
| 945 | |d 20150423 11:40:00 |a arojas | ||
| 260 | |a Santiago |b Legal Publishing |c 2015 | ||
| 650 | 0 | |a Derecho administrativo |9 254851 | |
| 650 | 0 | |a Historia del derecho |9 255109 | |
| 650 | 0 | |a Filosofía del derecho |9 255050 | |
| 650 | 0 | |a Derecho administrativo chileno |9 461009 | |
| 651 | 7 | |a CHILE |2 CL-VaPUC |9 579251 | |
| 583 | |a last modification |c 20160525 09:56:19 |k Rodrigo Vera | ||
| 490 | 0 | |a Colección Tratados y Manuales | |
| 999 | |c 358891 |d 358889 | ||
| 952 | |0 0 |1 0 |3 erb |4 0 |6 342_830000000000000_COR_2015 |7 0 |8 A |9 467836 |a BIBDER |b BIBDER |i 5146356 |l 17 |m 3 |o 342.83 COR 2015 |p 5146356 |r 2024-11-12 |s 2024-11-08 |w 2019-11-23 |y BK |z Catalogado en:20150423 |k DER | ||